[Event "SVK-ch U10"]
[Site "Tatralandia"]
[Date "2025.05.18"]
[Round "9"]
[White "Kucak, Matus"]
[Black "Haas, Timur"]
[Result "1-0"]
[WhiteElo "1389"]
[BlackElo "1374"]
[PlyCount "119"]
[EventDate "2025.05.11"]
[EventType "swiss"]
[EventRounds "9"]
[EventCountry "SVK"]
[SourceTitle "CB21_2025"]
[SourceDate "2025.05.21"]
[SourceVersion "1"]
[SourceVersionDate "2025.05.21"]
[SourceQuality "1"]

1. e4 e5 2. Nf3 Nc6 3. Nc3 Nf6 4. Bb5 a6 5. Ba4 Bc5 6. 0-0 0-0 7. d3 h6 8. Bxc6 dxc6 9. Nxe5 Be6 10. a3 a5 11. Nf3 Ng4 12. h3 Bxf2+ 13. Rxf2 Nxf2 14. Kxf2 g5 15. g4 Qd7 16. Be3 f6 17. Nd4 b6 18. Nxe6 Qxe6 19. Qf3 Rf7 20. Qf5 Qe7 21. Rh1 Qe5 22. Qg6+ Rg7 23. Qf5 Qe7 24. Nd5 Qf8 25. Qe6+ Rf7 26. Qxc6 Rc8 27. Kg3 b5 28. Rf1 Qd8 29. Bd4 Qd6+ 30. Qxd6 cxd6 31. Nxf6+ Kf8 32. c3 Rcc7 33. Rf2 Rb7 34. Nd5 Rxf2 35. Kxf2 Rd7 36. Ne3 Rf7+ 37. Kg2 Rd7 38. Nf5 Rb7 39. Nxd6 Rb8 40. Nf5 b4 41. axb4 axb4 42. cxb4 Kf7 43. Nxh6+ Kg6 44. Nf5 Rxb4 45. Bc3 Rb8 46. d4 Re8 47. e5 Rd8 48. Kf3 Kf7 49. Ke4 Ke6 50. Nd6 Rh8 51. d5+ Kd7 52. Nf5 Rxh3 53. e6+ Ke8 54. d6 Rh8 55. Bxh8 Kf8 56. d7 Kg8 57. d8Q+ Kh7 58. e7 Kg6 59. e8Q+ Kh7 60. Qg8# 1-0

[Event "SVK-ch U10"]
[Site "Tatralandia"]
[Date "2025.05.16"]
[Round "7"]
[White "Haas, Timur"]
[Black "Spisiak, Martin"]
[Result "0-1"]
[WhiteElo "1374"]
[BlackElo "1502"]
[PlyCount "76"]
[EventDate "2025.05.11"]
[EventType "swiss"]
[EventRounds "9"]
[EventCountry "SVK"]
[SourceTitle "CB21_2025"]
[SourceDate "2025.05.21"]
[SourceVersion "1"]
[SourceVersionDate "2025.05.21"]
[SourceQuality "1"]

1. e4 g6 2. d4 Bg7 3. Be3 a6 4. Qd2 d6 5. Nc3 b5 6. 0-0-0 Bb7 7. f3 e6 8. g4 Nd7 9. h4 h6 10. Bd3 Ne7 11. Nge2 Rc8 12. Rdf1 c5 13. e5 cxd4 14. Nxd4 dxe5 15. Nde2 Nd5 16. Nxd5 exd5 17. Re1 e4 18. Nd4 0-0 19. Be2 Kh7 20. fxe4 dxe4 21. Bd1 Nb6 22. c3 Nc4 23. Qf2 Nxe3 24. Qxe3 Qxd4 25. Qxd4 Bxd4 26. g5 h5 27. Bc2 Bf2 28. Re2 e3 29. Rh2 Rcd8 30. Rexf2 exf2 31. Rxf2 Kg7 32. Rf6 Rfe8 33. Rf1 Rd7 34. c4 Rde7 35. cxb5 axb5 36. Kd1 Be4 37. Bxe4 Rxe4 38. Kc2 Rxh4 0-1

[Event "Skalica op-B"]
[Site "Skalica"]
[Date "2023.08.25"]
[Round "7"]
[White "Sprusansky, Ferdinand"]
[Black "Haas, Timur"]
[Result "1-0"]
[WhiteElo "1223"]
[BlackElo "1081"]
[PlyCount "123"]
[EventDate "2023.08.19"]
[EventType "swiss"]
[EventRounds "9"]
[EventCountry "SVK"]
[SourceTitle "CBM 215 Extra"]
[Source "ChessBase"]
[SourceDate "2023.09.30"]
[SourceVersion "1"]
[SourceVersionDate "2023.09.30"]
[SourceQuality "1"]

1. e4 e5 2. Nf3 Nc6 3. Bb5 a6 4. Ba4 Nf6 5. d3 Bc5 6. Bg5 0-0 7. Nc3 Bb4 8. Bd2 b5 9. Bb3 Bxc3 10. Bxc3 a5 11. a3 d6 12. 0-0 Bg4 13. h3 Bh5 14. Bd2 Nd4 15. c3 Nxf3+ 16. gxf3 Nd7 17. Kh2 Qf6 18. Rg1 h6 19. Rg3 Nc5 20. Bc2 a4 21. Be3 Nb3 22. Bxb3 axb3 23. Qe2 Rae8 24. Qd2 Re6 25. f4 exf4 26. Bxf4 Rfe8 27. Rag1 g6 28. Bxh6 d5 29. Bg5 Qh8 30. f3 dxe4 31. dxe4 Rd6 32. Qf4 Qe5 33. Qxe5 Rxe5 34. Bf4 Rde6 35. Bxe5 Rxe5 36. Rd1 f5 37. Rd8+ Kf7 38. Rd7+ Ke6 39. Rxc7 fxe4 40. fxe4 Rxe4 41. Rg2 Bf3 42. Rd2 Kf5 43. Kg3 Re3 44. Rc5+ Ke6 45. Kf4 Re1 46. Kxf3 Rf1+ 47. Rf2 Rd1 48. Rxb5 Rd3+ 49. Kg4 Rd6 50. Kg5 Kd7 51. Rc5 Ke7 52. Rc7+ Rd7 53. Rxd7+ Kxd7 54. Rf6 Kc7 55. Kxg6 Kd7 56. h4 Kc7 57. h5 Kd7 58. h6 Kc7 59. h7 Kd7 60. h8Q Kc7 61. Qg7+ Kc8 62. Rf8# 1-0

[Event "Skalica op-B"]
[Site "Skalica"]
[Date "2023.08.19"]
[Round "1"]
[White "Haas, Timur"]
[Black "Hladky, Mikulas"]
[Result "0-1"]
[WhiteElo "1081"]
[BlackElo "1642"]
[PlyCount "36"]
[EventDate "2023.08.19"]
[EventType "swiss"]
[EventRounds "9"]
[EventCountry "SVK"]
[SourceTitle "CBM 215 Extra"]
[Source "ChessBase"]
[SourceDate "2023.09.30"]
[SourceVersion "1"]
[SourceVersionDate "2023.09.30"]
[SourceQuality "1"]

1. d4 Nf6 2. Nf3 e6 3. Bf4 d5 4. e3 Be7 5. Bd3 b6 6. Nbd2 Bb7 7. 0-0 0-0 8. c4 Nbd7 9. Qc2 h6 10. cxd5 Nxd5 11. Bh7+ Kh8 12. Be4 c5 13. Bxd5 Bxd5 14. dxc5 Rc8 15. b4 bxc5 16. e4 cxb4 17. Qb2 Bf6 18. e5 Be7 0-1

[Event "SVK-ch Amateurs"]
[Site "Liptovsky Jan"]
[Date "2023.06.15"]
[Round "2"]
[White "Haas, Timur"]
[Black "Hutyra, Tomas"]
[Result "0-1"]
[WhiteElo "1114"]
[BlackElo "1449"]
[PlyCount "56"]
[EventDate "2023.06.15"]
[EventType "swiss"]
[EventRounds "8"]
[EventCountry "SVK"]
[SourceTitle "CBM 214 Extra"]
[Source "ChessBase"]
[SourceDate "2023.07.31"]
[SourceVersion "1"]
[SourceVersionDate "2023.07.31"]
[SourceQuality "1"]

1. d4 Nf6 2. Nf3 e6 3. Bf4 d5 4. e3 c5 5. Bb5+ Bd7 6. Bxd7+ Nbxd7 7. 0-0 Be7 8. Nbd2 0-0 9. Rc1 c4 10. Re1 Nh5 11. Be5 f6 12. Bg3 Nxg3 13. fxg3 e5 14. e4 dxe4 15. Nxe4 Qb6 16. Kf1 Rad8 17. b3 exd4 18. Qxd4 cxb3 19. Qxb6 Nxb6 20. cxb3 Rc8 21. Rxc8 Rxc8 22. Ned2 Nd5 23. Nd4 Bb4 24. Re2 Rd8 25. N4f3 Nc3 26. Rf2 Kf7 27. Nc4 Rd1+ 28. Ne1 Ke6 0-1

[Event "SVK-ch U08"]
[Site "Dudince"]
[Date "2023.04.20"]
[Round "6"]
[White "Haas, Timur"]
[Black "Srnak, Martin"]
[Result "0-1"]
[WhiteElo "1000"]
[BlackElo "1251"]
[PlyCount "66"]
[EventDate "2023.04.16"]
[EventType "swiss"]
[EventRounds "9"]
[EventCountry "SVK"]
[SourceTitle "CBM 213 Extra"]
[Source "ChessBase"]
[SourceDate "2023.05.31"]
[SourceVersion "1"]
[SourceVersionDate "2023.05.31"]
[SourceQuality "1"]

1. Nf3 d5 2. d4 c5 3. Nc3 e6 4. Bf4 Bd6 5. Bg3 Nc6 6. Nb5 Bxg3 7. hxg3 a6 8. Nc3 Qb6 9. Na4 Qa5+ 10. Nc3 cxd4 11. Nxd4 Qb4 12. Rb1 Qxd4 13. Qxd4 Nxd4 14. Rc1 Nf6 15. Rh4 Nb5 16. Nxb5 axb5 17. e3 Rxa2 18. Bxb5+ Bd7 19. Bxd7+ Nxd7 20. Rb4 b6 21. c4 0-0 22. Rd1 Ra5 23. e4 Nf6 24. Rxb6 Nxe4 25. b4 Raa8 26. c5 Rab8 27. Rxb8 Rxb8 28. Ra1 g6 29. c6 Nd6 30. Ra6 Rxb4 31. c7 Rc4 32. Rxd6 Rxc7 33. Ke2 Kf8 0-1

[Event "SVK-ch U08"]
[Site "Dudince"]
[Date "2023.04.17"]
[Round "2"]
[White "Kurnavka, Juraj"]
[Black "Haas, Timur"]
[Result "0-1"]
[WhiteElo "1000"]
[BlackElo "1000"]
[PlyCount "76"]
[EventDate "2023.04.16"]
[EventType "swiss"]
[EventRounds "9"]
[EventCountry "SVK"]
[SourceTitle "CBM 213 Extra"]
[Source "ChessBase"]
[SourceDate "2023.05.31"]
[SourceVersion "1"]
[SourceVersionDate "2023.05.31"]
[SourceQuality "1"]

1. e4 e5 2. Nc3 Bc5 3. Nf3 Nf6 4. Nxe5 Qe7 5. Ng4 Nxe4 6. Nxe4 Qxe4+ 7. Be2 0-0 8. 0-0 Re8 9. d3 Qxe2 10. Qxe2 Rxe2 11. c3 d6 12. d4 Bxg4 13. dxc5 dxc5 14. Rd1 h6 15. Rd8+ Kh7 16. Bf4 Re7 17. Rad1 Bxd1 18. Rxd1 Nc6 19. b4 Rae8 20. Kf1 cxb4 21. cxb4 Nxb4 22. a3 Nd3 23. Be3 Ne5 24. f4 Ng4 25. Bxa7 b6 26. a4 Ne3+ 27. Ke2 Nxd1+ 28. Kxd1 Rd8+ 29. Kc2 Ra8 30. Bxb6 cxb6 31. Kb3 Re4 32. g3 Raxa4 33. h4 Rac4 34. f5 Rc5 35. g4 Re3+ 36. Kb4 Re1 37. h5 Rb1+ 38. Ka4 Ra5# 0-1

[Event "SVK-ch U08"]
[Site "Stara Lubovna"]
[Date "2022.05.23"]
[Round "3"]
[White "Kovalsky, Filip"]
[Black "Haas, Timur"]
[Result "0-1"]
[WhiteElo "1000"]
[BlackElo "1000"]
[PlyCount "54"]
[EventDate "2022.05.21"]
[EventType "swiss"]
[EventRounds "9"]
[EventCountry "SVK"]
[SourceTitle "CBM 208 Extra"]
[Source "ChessBase"]
[SourceDate "2022.07.31"]
[SourceVersion "1"]
[SourceVersionDate "2022.07.31"]
[SourceQuality "1"]

1. e4 d5 2. exd5 Qxd5 3. c4 Qd8 4. c5 Bf5 5. Bb5+ c6 6. Bc4 Bxb1 7. Rxb1 e6 8. Nh3 Bxc5 9. d4 Bb4+ 10. Bd2 Bxd2+ 11. Qxd2 Nf6 12. 0-0 0-0 13. Nf4 Ne4 14. Qe3 Nd6 15. Nxe6 Nxc4 16. Nxd8 Nxe3 17. fxe3 Rxd8 18. Rf4 Re8 19. e4 Rd8 20. Rd1 c5 21. dxc5 Rxd1+ 22. Kf2 Rd2+ 23. Kg3 Rd3+ 24. Kg4 Nd7 25. Rf5 Nf6+ 26. Kg5 Rd4 27. e5 h6# 0-1